| 000 | 00639nam a2200205 a 4500 | ||
|---|---|---|---|
| 001 | 000045317 | ||
| 005 | 20201002050046.0 | ||
| 008 | 101217s1994 sp 000 0 spa d | ||
| 020 | _a842064644x | ||
| 040 |
_aDO-SdBNP _bspa _cBNPHU |
||
| 082 |
_axxxxx _bxxxxx |
||
| 100 | 1 |
_aSchultz, Uwe _973338 |
|
| 245 | 1 | 0 |
_aLa fiesta de las Saturnales a Woodstock / _cUwe Schultz; traducción José Luis Aristu. |
| 260 |
_aMadrid : _bAlianza, _bGrupo Anaya, _c1994. |
||
| 300 |
_a95 p. : ; _c15 cm. |
||
| 490 | 1 |
_aAlianza Cien _v44 |
|
| 500 | _aLibro de bolsillo | ||
| 700 | 1 |
_aAristu, José Luis _etrad. _973339 |
|
| 830 | 0 |
_aAlianza Cien ; _v44 _912832 |
|
| 999 |
_c44806 _d44806 |
||